Gastgeberstädte der Olympischen Sommerspiele - Sudden Death - Statistiken

Allgemein
  • Dieses Quiz wurde 113 mal gespielt
  • Das Durchschnittsergebnis liegt bei 15 aus 23
Answers on the Grid
Answers color-coded by a green-red scale on the quiz's grid according to % correct below.
Amsterdam
Antwerpen
Athen
Atlanta
Auckland
Barcelona
Peking
Berlin
Buenos Aires
Kairo
Kapstadt
Chicago
Kopenhagen
Helsinki
Hong Kong
Istanbul
London
Los Angeles
Melbourne
Mexiko-Stadt
Montreal
Moskau
Mumbai
München
New York
Osaka
Paris
Perth
Rio de Janeiro
Rom
Sankt Petersburg
Seoul
Singapur
St. Louis
Stockholm
Sydney
Tokio
Toronto
Wien
Warschau
 
Antwortstatistiken
Antwort % Korrekt
1908, 1948, 2012 London
85%
1896, 2004 Athen
81%
1900, 1924, 2024 Paris
81%
1972 München
78%
2008 Peking
78%
1936 Berlin
76%
1992 Barcelona
75%
1964, 2020 Tokio
75%
2016 Rio de Janeiro
71%
1932, 1984, 2028 Los Angeles
68%
1996 Atlanta
66%
1960 Rom
66%
2000 Sydney
63%
1980 Moskau
59%
1928 Amsterdam
56%
1912 Stockholm
53%
1968 Mexiko-Stadt
51%
1988 Seoul
51%
1956 Melbourne
50%
1920 Antwerpen
47%
1952 Helsinki
46%
1904 St. Louis
44%
1976 Montreal
37%
Keine übereinstimmenden Quizze gefunden
Verteilung der Resultate
Anzahl Personen mit jedem Resultat
Perzentil nach korrekt beantworteten Fragen
Ihre Resultats-Entwicklung
Sie haben dieses Quiz noch nicht gespielt